| 000 | | | 03663nmc2a22002413x 450 |
| 001 | | | b8ae954f-0054-4e1e-b2ca-e452a0c487de |
| 005 | | | 20250621011252.0 |
| 100 | ## | $a | 20241205l18401842k l0rusy0189 ca |
| 101 | 0# | $a | rus |
| 102 | ## | $a | RU |
| 105 | ## | $a | y### |
| 122 | 2# | $a | d |
| 200 | 1# | $a | Дело по прошению механика Грота о поднесении государю императору изобретенного профессором Ястржембовским и усовершенствованного Гротом математического инструмента |
| | $j | 21 августа 1840 г. - 10 апреля 1842 г. |
| 215 | ## | $a | 26 л. |
| | $d | 36,5х26 см |
| 251 | ## | $c | Дело |
| 300 | ## | $a | На обложке указано: "№114" |
| 371 | ## | $a | Документ не является опубликованным и широко распространяемым |
| 461 | #0 | $1 | 0012b5b8419-5ce4-4d16-a7a3-85720a295f1f |
| | $1 | 2001 |
| | $a | Канцелярия министра народного просвещения |
| | $1 | 251 |
| | $c | Фонд |
| | $1 | 852 |
| | $j | 735 |
| 462 | #0 | $1 | 001562cc287-b13c-4f02-8029-f81535ba1e2e |
| | $1 | 2001 |
| | $a | Канцелярия министра народного просвещения |
| | $1 | 251 |
| | $c | Опись |
| | $1 | 852 |
| | $j | 2 |
| 801 | #0 | $a | RU |
| | $b | РГИА |
| | $c | 20241205 |
| | $g | RCR |
| 801 | #1 | $a | RU |
| | $b | ГлавНИВЦ |
| | $c | 20241205 |
| | $2 | rusmarc |
| 801 | #2 | $a | RU |
| | $b | ПБ им. Б.Н. Ельцина |
| | $c | 20250621 |
| | $g | RCR |
| | $2 | rusmarc |
| 850 | ## | $a | РГИА |
| 852 | ## | $a | РГИА |
| | $e | Федеральное казенное учреждение "Российский государственный исторический архив" (РГИА) |
| | $j | 195 |
| 937 | ## | $h | РГИА |
| | $d | 12420872 |
| | $a | ASBIBLIO_SCAN |
| 035 | ## | $a | RusGRCC00082976 |
| 856 | ## | $u | http://readingroom.main.prlib.ru/item.aspx?id_node=n196825018&mode=full |